The Beatles - 1 - Statistics

General Stats
  • This quiz has been taken 23 times
  • The average score is 21 of 27
Answer Stats
# Song Name % Correct
4 I Want To Hold Your Hand
95%
6 A Hard Day's Night
91%
21 Hey Jude
91%
10 Help!
86%
26 Let It Be
86%
3 She Loves You
86%
13 We Can Work It Out
86%
1 Love Me Do
82%
14 Paperback Writer
82%
11 Yesterday
82%
18 All You Need Is Love
77%
25 Come Together
77%
12 Day Tripper
77%
22 Get Back
77%
20 Lady Madonna
77%
17 Penny Lane
77%
23 The Ballad of John and Yoko
77%
9 Ticket to Ride
77%
5 Can't Buy Me Love
73%
8 Eight Days a Week
73%
16 Eleanor Rigby
73%
7 I Feel Fine
73%
24 Something
73%
27 The Long And Winding Road
73%
15 Yellow Submarine
73%
19 Hello, Goodbye
68%
2 From Me To You
59%
No matching quizzes found
Score Distribution
Percent of People with Each Score
Percentile by Number Answered
Your Score History
You have not taken this quiz